Statistics for Country flags containing orange

Click here to take the quiz!

General Stats

  • This quiz has been taken 15 times
  • The average score is 7 of 12

Answer Stats

Percentage of orange on the flagCountry% Correct
33%Ireland
92%
44%Bhutan
83%
33%India
83%
33%Ivory Coast
83%
14%Sri Lanka
67%
38%Niger
58%
33%Armenia
50%
6%Cyprus
42%
9%Zambia
42%
10%Marshall Islands
33%
1%Nicaragua
25%
1%Guatemala
17%

Score Distribution

Percentile by Number Answered

Percent of People with Each Score

Your Score History

You have not taken this quiz